000 00292nam a2200133Ia 4500
005 20251222143146.0
008 251222s9999||||xx |||||||||||||| ||spa||
020 _a84-820-903-2
082 _a813.54/U77E
100 _aUris, Leon
245 0 _aExodo
264 _bOveja Negra
942 _cLIB
999 _c12507
_d12507